00500nam a2200157Ia 4500020001800000082002000018245007100038260002400109300001600133504000800149650003800157650003800195650002700233650003100260710005100291 a0-85496-229-8 aRR 323.03 SOC-; 0aWorld directory of human rights teaching and research institutions aParisbUnescoc1988 axxiv, 216p. aref aHuman rights - Study and teaching aResearch institutes - Directories aTeaching - Directories aHuman rights - Directories aSocial and Human Sciences Documentation Centre